Every Federal District Mayor of the District of the Columbia - Statistics

General Stats
  • This quiz has been taken 8 times
  • The average score is 5 of 8
Answer Stats
Picture Hint Answer % Correct
D(1995-1999) Marion Barry
100%
D(1979-1991) Marion Barry
100%
D(2015-) Muriel Bowser
100%
D(1991-1995) Sharon Pratt Kelly
67%
D(1975-1979) Walter Washington
67%
D(2007-2011) Adrian Fenty
33%
D(1999-2007) Anthony A. Williams
0%
D(2011-2015) Vincent C. Gray
0%
No matching quizzes found
Score Distribution
Percent of People with Each Score
Percentile by Number Answered
Your Score History
You have not taken this quiz